000 00581cam a2200217 i 4500
001 4141166
005 20180809075618.0
008 780606s1978 paua b 001 0 eng
010 _a 77086023
020 _a0721697003
040 _aDLC
_cDLC
_dDLC
_dOCoLC
041 _aeng
080 _a615.72 ZIM
082 0 0 _a615.72 ZIM
100 1 _a5
101 _aFAR
245 1 0 _aRespiratory pharmacology and therapeutics /
_cIrwin Ziment.
504 _aIncludes bibliographical references and index.
906 _a7
_bcbc
_corignew
_d1
_eopcn
_f19
_gy-gencatlg
942 _2ddc
_cBK
999 _c46978
_d46978